[Event "Stuttgarter SF II-SC HP Boeblingen"]
[Site "?"]
[Date "2002.10.13"]
[Round "1.3"]
[White "Heinl, Thomas"]
[Black "Schmid, Hartmut"]
[Result "1-0"]
[WhiteElo "2230"]
[BlackElo "2171"]
[PlyCount "143"]
[EventDate "2002.??.??"]

1. e4 c5 2. Nf3 Nf6 3. e5 Nd5 4. Nc3 e6 5. Ne4 Nc6 6. c4 Nb6 7. d3 d5 8. exd6
Bxd6 9. d4 f5 10. Nxd6+ Qxd6 11. dxc5 Qxd1+ 12. Kxd1 Na4 13. Be3 Nxb2+ 14. Kc2
Na4 15. Kb3 f4 16. Kxa4 fxe3 17. fxe3 O-O 18. Bd3 e5 19. Be4 Bd7 20. Bd5+ Kh8
21. Ka3 Rac8 22. Rhf1 g6 23. Ng5 Rf5 24. Nf7+ Kg7 25. Nd6 Rc7 26. Nxf5+ gxf5
27. Bxc6 Rxc6 28. Rad1 Bc8 29. Rd5 Re6 30. Rd6 Re7 31. Kb4 Be6 32. c6 bxc6 33.
Kc5 Bd7 34. Rb1 Be8 35. Rd8 f4 36. Kd6 Kf6 37. Rf1 Re6+ 38. Kc5 Kg5 39. Rd6 Re7
40. Re1 e4 41. exf4+ Kxf4 42. Kd4 Bg6 43. g3+ Kf5 44. h3 Kg5 45. c5 Rc7 46. Re3
Rc8 47. Ra3 Rc7 48. Rb3 Bf7 49. Rb2 Bg6 50. Ke3 Rf7 51. Rf2 Rc7 52. Re6 Rd7 53.
Re5+ Kh6 54. Re6 Rd3+ 55. Kf4 Rc3 56. Rxc6 Kg7 57. Rc7+ Kf6 58. h4 a5 59. g4 e3
60. Re2 Rc4+ 61. Kf3 h5 62. g5+ Kf5 63. Rh2 Rc3 64. Re2 Rc4 65. Rxe3 Rxh4 66.
Ra7 Rh3+ 67. Kf2 Rh2+ 68. Kg3 Rxa2 69. c6 h4+ 70. Kxh4 Kf4 71. Rae7 Bf5 72. Re2
1-0

[Event "Stuttgarter SF II-SC HP Boeblingen"]
[Site "?"]
[Date "2002.10.13"]
[Round "1.4"]
[White "Schmid, Wolfgang"]
[Black "Frolik, Erhard"]
[Result "1/2-1/2"]
[WhiteElo "2157"]
[BlackElo "2179"]
[PlyCount "51"]
[EventDate "2002.??.??"]

1. e4 c5 2. Nf3 e6 3. d4 cxd4 4. Nxd4 Nc6 5. Nc3 Qc7 6. Be3 a6 7. Nxc6 bxc6 8.
Bd3 d5 9. O-O Nf6 10. f4 Be7 11. Kh1 dxe4 12. Nxe4 O-O 13. Qf3 Rb8 14. Bd4 Nxe4
15. Qxe4 f5 16. Qe2 Bd6 17. Rae1 Bxf4 18. Rxf4 Qxf4 19. Be5 Qb4 20. a3 Qb6 21.
Bxb8 Qxb8 22. Bxa6 Bxa6 23. Qxa6 Qxb2 24. Qxc6 Qxa3 25. Qxe6+ Kh8 26. Qe3
1/2-1/2

[Event "Stuttgarter SF II-SC HP Boeblingen"]
[Site "?"]
[Date "2002.10.13"]
[Round "1.5"]
[White "Born, Mario"]
[Black "Gabriel, Robert"]
[Result "1-0"]
[WhiteElo "2164"]
[BlackElo "2153"]
[PlyCount "197"]
[EventDate "2002.??.??"]

1. Nf3 d5 2. d4 e6 3. g3 c5 4. Bg2 Nc6 5. O-O Nf6 6. c4 dxc4 7. Qa4 Bd7 8. Qxc4
Rc8 9. dxc5 Qa5 10. Bd2 Qxc5 11. Qb3 Rb8 12. Na3 Qd5 13. Bf4 Qxb3 14. axb3 Rc8
15. Nc4 Nd5 16. Bd6 Be7 17. Rfd1 f6 18. e4 Nb6 19. Nfd2 Nxc4 20. Nxc4 e5 21.
Bxe7 Kxe7 22. Nd6 Rb8 23. Nf5+ Bxf5 24. exf5 Rhc8 25. Bxc6 Rxc6 26. Rxa7 Rc2
27. Rd5 g6 28. Rb5 Rc7 29. fxg6 hxg6 30. h4 Ke6 31. Rb6+ Kf5 32. Ra4 Rc6 33.
Rab4 Rxb6 34. Rxb6 g5 35. hxg5 Kxg5 36. Kg2 f5 37. Kf3 Rc8 38. Rxb7 Rc2 39. Ke3
Rxb2 40. Rb8 Kf6 41. Rf8+ Ke6 42. Rb8 Kd5 43. Rb5+ Ke6 44. Kf3 Kd6 45. Rb8 Ke6
46. b4 Rb3+ 47. Kg2 Kd5 48. b5 Ke6 49. b6 Kf6 50. b7 Kg7 51. Kf1 e4 52. Ke2 Rb4
53. Ke3 Rb3+ 54. Kf4 Rb2 55. Ke5 Rb5+ 56. Kd6 Rb1 57. Kd5 Rb2 58. Ke5 Rb4 59.
Ke6 Rb2 60. Kd5 Rb1 61. Kd4 Rb2 62. Ke3 Rb3+ 63. Kf4 Rb2 64. Kg5 Rb5 65. Kh4
Rb4 66. Kh5 Rb2 67. Kg5 Rb5 68. g4 fxg4+ 69. Kxg4 Rb2 70. Kg3 Kh7 71. Kg4 Kg7
72. Kg5 Kh7 73. Re8 Rxb7 74. Rxe4 Kg8 75. f4 Kf7 76. Ra4 Rb1 77. Ra5 Rb2 78.
Ra7+ Kg8 79. f5 Rg2+ 80. Kf6 Rb2 81. Ra8+ Kh7 82. Re8 Rb5 83. Ke6 Rb6+ 84. Kf7
Ra6 85. Re1 Ra7+ 86. Re7 Ra6 87. Rb7 Kh6 88. f6 Kg5 89. Rb5+ Kh6 90. Re5 Rb6
91. Re8 Kg5 92. Re5+ Kh6 93. Re1 Rb7+ 94. Re7 Rb8 95. Re6 Kg5 96. Re5+ Kh6 97.
Re6 Kg5 98. Kg7 Kf5 99. Ra6 1-0

[Event "Stuttgarter SF II-SC HP Boeblingen"]
[Site "?"]
[Date "2002.10.13"]
[Round "1.6"]
[White "Schwarzburger, Lothar"]
[Black "Remmler, Hans Peter"]
[Result "1/2-1/2"]
[WhiteElo "2173"]
[BlackElo "2158"]
[PlyCount "41"]
[EventDate "2002.??.??"]

1. e4 e5 2. Nf3 Nf6 3. Nxe5 d6 4. Nf3 Nxe4 5. d4 d5 6. Bd3 Bd6 7. O-O O-O 8. c4
c6 9. Nc3 Re8 10. Re1 Bf5 11. h3 Bg6 12. cxd5 Nxc3 13. Rxe8+ Qxe8 14. bxc3 cxd5
15. c4 dxc4 16. Bxc4 Nc6 17. Be3 Rd8 18. Rc1 Bb8 19. Qa4 Be4 20. Ng5 Bg6 21.
Nf3 1/2-1/2

[Event "Stuttgarter SF II-SC HP Boeblingen"]
[Site "?"]
[Date "2002.10.13"]
[Round "1.7"]
[White "Werner, Bernd Michael"]
[Black "Wolf, Walter"]
[Result "0-1"]
[WhiteElo "2110"]
[BlackElo "2213"]
[PlyCount "92"]
[EventDate "2002.??.??"]

1. e4 e5 2. Nf3 Nc6 3. d4 exd4 4. Nxd4 Bc5 5. Be3 Bb6 6. Bc4 Qf6 7. c3 Nge7 8.
O-O Ne5 9. Be2 h5 10. h3 Qg6 11. Kh1 d5 12. Bf4 Bxh3 13. gxh3 Qxe4+ 14. Nf3
Qxf4 15. Nxe5 Qxe5 16. f4 Qf5 17. Rf3 O-O-O 18. Bd3 Qf6 19. Nd2 Ng6 20. Bxg6
Qxg6 21. a4 c6 22. a5 Bc7 23. a6 b6 24. Qa4 Qf6 25. Rg1 Rhe8 26. Nb3 Re4 27.
Nd4 Rd6 28. Qd1 Rxf4 29. Rxg7 Rxf3 30. Rg8+ Rd8 31. Rxd8+ Bxd8 32. Nxf3 Qf5 33.
Kg2 Bf6 34. Qe2 Kd7 35. Qd2 Qe4 36. Kf2 Be7 37. b4 Bh4+ 38. Nxh4 Qxh4+ 39. Kg2
f6 40. Kh2 Qg5 41. Qd3 Qf4+ 42. Kg1 f5 43. b5 h4 44. bxc6+ Kxc6 45. Qe2 Qg3+
46. Kh1 Qxh3+ 0-1

[Event "Stuttgarter SF II-SC HP Boeblingen"]
[Site "?"]
[Date "2002.10.13"]
[Round "1.8"]
[White "Gabriel, Josef"]
[Black "Messner, Harry"]
[Result "0-1"]
[WhiteElo "2080"]
[BlackElo "2094"]
[PlyCount "72"]
[EventDate "2002.??.??"]

1. c4 c6 2. e4 d5 3. cxd5 cxd5 4. exd5 Nf6 5. Nc3 g6 6. Bc4 Bg7 7. Nge2 O-O 8.
O-O Nbd7 9. Bb3 Nb6 10. Nf4 Qd6 11. d4 Bf5 12. Re1 Rfd8 13. h3 h5 14. Qe2 Rd7
15. a4 Qb4 16. Ra3 Rc8 17. Nb5 Nc4 18. Bxc4 Rxc4 19. Bd2 Qxb2 20. Qxc4 Qxd2 21.
Rae3 Bh6 22. Qc8+ Kg7 23. Qb8 Bxf4 24. Qxf4 Nxd5 25. Qe5+ f6 26. Qb8 Nxe3 27.
Rxe3 a6 28. Nc3 Qxd4 29. Qe8 Qd6 30. h4 e5 31. Qa8 Rc7 32. Qb8 Qd7 33. Ne2 Rc4
34. f4 exf4 35. Nxf4 Qd4 36. Qe8 Rc1+ 0-1

[Event "SF Pfullingen-TSF Ditzingen"]
[Site "?"]
[Date "2002.10.13"]
[Round "1.1"]
[White "Ortmann, David"]
[Black "Vujic, Branimir"]
[Result "0-1"]
[WhiteElo "2197"]
[BlackElo "2256"]
[PlyCount "118"]
[EventDate "2002.??.??"]

1. Nf3 d5 2. d4 Bf5 3. c4 e6 4. Nc3 Nc6 5. cxd5 exd5 6. Bf4 Bb4 7. e3 Nge7 8.
Be2 f6 9. Rc1 g5 10. Bg3 h5 11. h4 g4 12. Nd2 Be6 13. a3 Bd6 14. Bxd6 Qxd6 15.
g3 a6 16. O-O Nf5 17. Kg2 Nce7 18. Bd3 Kf7 19. Qc2 c5 20. dxc5 Qxc5 21. Ne2
Qxc2 22. Rxc2 Nc6 23. Nb3 Nfe7 24. Ned4 Ne5 25. Be2 Rhc8 26. Rfc1 Rxc2 27. Rxc2
Rc8 28. Rxc8 Bxc8 29. Nd2 N7c6 30. N4b3 Ke7 31. Kf1 Kd6 32. Ke1 Bf5 33. Nc1 b5
34. b3 Bc2 35. Bd1 Bf5 36. Be2 Kc5 37. Nf1 a5 38. Kd2 b4 39. a4 Be4 40. Nd3+
Bxd3 41. Bxd3 Nxd3 42. Kxd3 Ne5+ 43. Kd2 Kd6 44. Ke2 Nf3 45. Kd3 Ke5 46. e4 d4
47. Kc4 Kxe4 48. Kb5 Kd3 49. Kxa5 Kc3 50. Kb5 Kxb3 51. a5 Kc3 52. a6 b3 53. a7
b2 54. a8=Q b1=Q+ 55. Kc5 Qxf1 56. Qa5+ Kc2 57. Qa2+ Kd1 58. Qb1+ Ke2 59. Qc2+
Ke1 0-1

[Event "SF Pfullingen-TSF Ditzingen"]
[Site "?"]
[Date "2002.10.13"]
[Round "1.2"]
[White "Hertzog, Peter"]
[Black "Wittmann, Ralf"]
[Result "0-1"]
[WhiteElo "2154"]
[BlackElo "2132"]
[PlyCount "64"]
[EventDate "2002.??.??"]

1. e4 e6 2. d4 d5 3. Nd2 Be7 4. Ngf3 Nf6 5. Bd3 c5 6. dxc5 Nc6 7. Qe2 Nb4 8.
O-O Nxd3 9. cxd3 Bxc5 10. d4 Be7 11. e5 Nd7 12. a3 a5 13. b3 b6 14. Re1 Ba6 15.
Qe3 O-O 16. Bb2 b5 17. Rec1 Qb6 18. Ne1 b4 19. a4 Rac8 20. f4 f6 21. Ndf3 g5
22. Rxc8 Bxc8 23. Nd3 gxf4 24. Qxf4 Ba6 25. Qg3+ Kh8 26. exf6 Bxf6 27. Nde5
Nxe5 28. Nxe5 Qd8 29. Rc1 Bg5 30. Rd1 Qf6 31. h3 Be2 32. Rb1 Bh4 0-1

[Event "SF Pfullingen-TSF Ditzingen"]
[Site "?"]
[Date "2002.10.13"]
[Round "1.3"]
[White "Meier, Thomas"]
[Black "Einwiller, Bernd"]
[Result "1-0"]
[WhiteElo "2257"]
[BlackElo "2065"]
[PlyCount "87"]
[EventDate "2002.??.??"]

1. d4 Nf6 2. Nf3 c5 3. d5 e6 4. c4 b5 5. Bg5 bxc4 6. Nc3 Qa5 7. Bxf6 gxf6 8. e4
Ba6 9. Be2 Bh6 10. O-O O-O 11. Nd2 f5 12. exf5 exf5 13. Nxc4 Qd8 14. Re1 d6 15.
Bd3 Qf6 16. Ne3 Bxd3 17. Qxd3 Bxe3 18. Rxe3 Nd7 19. Rf3 Ne5 20. Rxf5 Qg6 21.
Qh3 Rab8 22. f4 f6 23. fxe5 dxe5 24. b3 Rb4 25. Raf1 Rd4 26. R5f3 Kh8 27. Qf5
Qh6 28. Rh3 Rh4 29. Rxh4 Qxh4 30. Qf2 Qd4 31. Qxd4 cxd4 32. Ne4 f5 33. g4 Rg8
34. Rxf5 Rxg4+ 35. Ng3 d3 36. Kf2 Rd4 37. Ke1 Rxd5 38. Kd2 Kg7 39. Rf3 Rc5 40.
Rxd3 Ra5 41. a4 Kf6 42. Ke3 Ra6 43. Ne4+ Ke7 44. Rd7+ 1-0

[Event "SF Pfullingen-TSF Ditzingen"]
[Site "?"]
[Date "2002.10.13"]
[Round "1.4"]
[White "Banaszek, Marcin"]
[Black "Beyer, Christian"]
[Result "0-1"]
[WhiteElo "2134"]
[BlackElo "2165"]
[PlyCount "120"]
[EventDate "2002.??.??"]

1. c4 e6 2. Nf3 d5 3. g3 Nf6 4. Bg2 Be7 5. O-O O-O 6. b3 a5 7. d4 a4 8. bxa4
dxc4 9. Ne5 Bd7 10. Bxb7 Bxa4 11. Qd2 Ra7 12. Bg2 Nd5 13. Nxc4 Bb4 14. Qd3 Bb5
15. Qc2 c5 16. dxc5 Bxc4 17. Qxc4 Qf6 18. Bxd5 exd5 19. Qxb4 Qxa1 20. Bf4 Nc6
21. Qb6 Rc8 22. Na3 Qf6 23. Nb5 Raa8 24. Nd6 Rab8 25. Qa6 Nd4 26. e3 Nb5 27. a4
Nc3 28. Qa7 Ra8 29. Qb7 Rcb8 30. Qd7 h6 31. Qf5 Qxf5 32. Nxf5 Ne2+ 33. Kg2
Nxf4+ 34. gxf4 Kf8 35. Rd1 Rc8 36. Rxd5 Ra5 37. Rd4 Raxc5 38. Nd6 R8c6 39. Nb5
Ke7 40. Kf3 Rc8 41. Ke4 Rc4 42. Kd3 Rxd4+ 43. Kxd4 Ra8 44. Nc3 Ra5 45. e4 Rh5
46. Nd5+ Kd6 47. e5+ Kc6 48. Nb4+ Kd7 49. Kd5 Rxh2 50. Nd3 Rh1 51. Nc5+ Kc7 52.
f5 Rd1+ 53. Ke4 Kc6 54. Nb3 Re1+ 55. Kd4 Rf1 56. Na5+ Kd7 57. Ke3 Re1+ 58. Kd4
Ra1 59. Nb3 Rxa4+ 60. Kd5 Rf4 0-1

[Event "SF Pfullingen-TSF Ditzingen"]
[Site "?"]
[Date "2002.10.13"]
[Round "1.5"]
[White "Stanescu, Christian"]
[Black "Prochnow, Mario"]
[Result "1/2-1/2"]
[WhiteElo "2063"]
[BlackElo "2171"]
[PlyCount "176"]
[EventDate "2002.??.??"]

1. e4 c5 2. Nf3 e6 3. d3 Nc6 4. g3 Nge7 5. Bg2 g6 6. O-O Bg7 7. Nc3 O-O 8. Ne2
d5 9. c3 dxe4 10. dxe4 Qxd1 11. Rxd1 b6 12. Be3 Ba6 13. Bf1 Rad8 14. Nf4 Bxf1
15. Kxf1 Na5 16. Nd2 Nec6 17. Rac1 Rd7 18. b3 Rfd8 19. h4 Ne5 20. Ke2 Ng4 21.
Ng2 Rd3 22. Nb1 Rxd1 23. Rxd1 Rxd1 24. Kxd1 Nb7 25. Kc2 Nd6 26. Nd2 f5 27. exf5
Nxe3+ 28. Nxe3 exf5 29. Kd3 Kf7 30. b4 cxb4 31. cxb4 Ke6 32. Nec4 b5 33. Nxd6
Kxd6 34. Nf3 Kd5 35. Ng5 h6 36. Nh3 Ke5 37. Nf4 g5 38. Ng6+ Kf6 39. h5 g4 40.
Kd4 a6 41. Kc5 Kg5 42. Nf4 Bc3 43. Nd3 f4 44. Nxf4 Kf5 45. Nd5 Be1 46. Ne3+ Kg5
47. Nd1 Kf5 48. Kb6 Ke4 49. Kxa6 Kf3 50. Kxb5 Bxf2 51. Nxf2 Kxf2 52. a4 Kxg3
53. a5 Kh4 54. a6 g3 55. a7 g2 56. a8=Q g1=Q 57. Qd5 Qa7 58. Kc4 Qc7+ 59. Kb3
Qg3+ 60. Ka4 Qf4 61. Qc5 Kh3 62. Ka5 Qd2 63. Kb6 Qd8+ 64. Kb7 Qd7+ 65. Kb8 Kh4
66. b5 Qe8+ 67. Ka7 Qd7+ 68. Ka6 Qd3 69. Ka5 Kh3 70. b6 Qd2+ 71. Ka6 Qa2+ 72.
Qa5 Qe6 73. Qc5 Kh4 74. Kb5 Qe8+ 75. Ka5 Qd8 76. Qf5 Qd2+ 77. Kb5 Qb2+ 78. Kc6
Qc1+ 79. Kb7 Qh1+ 80. Kc7 Qc1+ 81. Kd8 Qc6 82. Qg6 Qb7 83. Qxh6 Qb8+ 84. Ke7
Qb7+ 85. Kf8 Qb8+ 86. Kg7 Qb7+ 87. Kg8 Qb8+ 88. Qf8 Qxb6 1/2-1/2

[Event "SF Pfullingen-TSF Ditzingen"]
[Site "?"]
[Date "2002.10.13"]
[Round "1.6"]
[White "Naegele, Thomas"]
[Black "Saur, Michael"]
[Result "1-0"]
[WhiteElo "2165"]
[BlackElo "2023"]
[PlyCount "103"]
[EventDate "2002.??.??"]

1. e4 e6 2. d4 d5 3. Nd2 Be7 4. c3 Nf6 5. e5 Nfd7 6. f4 c5 7. Ndf3 Nc6 8. Bd3
b6 9. a3 a5 10. Qe2 Ndb8 11. Nh3 Ba6 12. Bxa6 Nxa6 13. Nf2 Qd7 14. Be3 a4 15.
Rd1 Na5 16. Nd2 cxd4 17. Bxd4 Bc5 18. Nf3 O-O 19. O-O Nc4 20. Bxc5 Nxc5 21. Nd4
Rfd8 22. Kh1 Na6 23. Ng4 Kh8 24. Rd3 Nc5 25. Rh3 Ne4 26. Nf6 gxf6 27. Qh5 Kg8
28. exf6 Kf8 29. Qh6+ Ke8 30. Qg7 Nxf6 31. Qxf6 Rac8 32. Rxh7 Qe7 33. Rh8+ Kd7
34. Rxd8+ Kxd8 35. Qxe7+ Kxe7 36. Rf2 Nxa3 37. bxa3 Rxc3 38. g3 Rxa3 39. Rb2
Rd3 40. Nb5 Rb3 41. Rxb3 axb3 42. Kg2 b2 43. Nc3 d4 44. Nb1 Kd6 45. h4 e5 46.
Kf3 f5 47. fxe5+ Kxe5 48. Nd2 b5 49. Nb1 b4 50. Nd2 Kf6 51. Kf4 Ke6 52. Kg5 1-0

[Event "SF Pfullingen-TSF Ditzingen"]
[Site "?"]
[Date "2002.10.13"]
[Round "1.7"]
[White "Reinhold, Dirk"]
[Black "Altenhof, Martin"]
[Result "0-1"]
[WhiteElo "1960"]
[BlackElo "2199"]
[PlyCount "80"]
[EventDate "2002.??.??"]

1. e4 d6 2. d4 Nf6 3. Nc3 g6 4. Be3 c6 5. Be2 b5 6. a3 Bb7 7. Bf3 Nbd7 8. Nge2
Bg7 9. O-O O-O 10. Re1 e5 11. Qd2 Qe7 12. Ng3 Rfd8 13. Rad1 a6 14. h3 Nf8 15.
Kh2 Qc7 16. dxe5 dxe5 17. Qe2 Ne6 18. Rd2 Rxd2 19. Qxd2 Rd8 20. Qc1 Nd4 21. Bd1
c5 22. f3 b4 23. Nce2 bxa3 24. bxa3 Nd7 25. c3 Ne6 26. Bb3 c4 27. Ba2 a5 28.
Nf1 Ba6 29. Rd1 Ndc5 30. Rxd8+ Qxd8 31. Qc2 Nd3 32. Nd2 Qc7 33. Qb1 a4 34. Nc1
Nxc1 35. Qxc1 Nc5 36. Bxc5 Qxc5 37. Bb1 Bh6 38. Bc2 Bf4+ 39. Kh1 Qf2 40. Qb1
Qxd2 0-1

[Event "SF Pfullingen-TSF Ditzingen"]
[Site "?"]
[Date "2002.10.13"]
[Round "1.8"]
[White "Streck, Alexander"]
[Black "Baumstark, Thomas"]
[Result "0-1"]
[WhiteElo "2114"]
[BlackElo "2080"]
[PlyCount "66"]
[EventDate "2002.??.??"]

1. d4 Nf6 2. c3 e6 3. Bg5 d5 4. Nf3 Be7 5. Nbd2 Nbd7 6. e3 O-O 7. Bd3 c5 8. Ne5
h6 9. Bf4 Nxe5 10. dxe5 Nd7 11. Qg4 Bg5 12. h4 Bxf4 13. exf4 c4 14. Bc2 b5 15.
Rh3 f5 16. Qe2 Nc5 17. Nf3 Qb6 18. Nd4 b4 19. g4 Nd3+ 20. Bxd3 cxd3 21. Qxd3
fxg4 22. Re3 Rxf4 23. Ne2 Rf7 24. Qg6 Ba6 25. Qxg4 bxc3 26. bxc3 Raf8 27. Qg3
Qb2 28. Rd1 Qxa2 29. Rd2 Qb1+ 30. Rd1 Qb5 31. f3 Rxf3 32. Nd4 Rf1+ 33. Kd2 Qb2+
0-1

[Event "SV Wolfbusch-TSF Ditzingen"]
[Site "?"]
[Date "2002.11.10"]
[Round "2.1"]
[White "Ortmann, David"]
[Black "Ott, Frank"]
[Result "0-1"]
[WhiteElo "2197"]
[BlackElo "2285"]
[PlyCount "74"]
[EventDate "2002.??.??"]

1. Nf3 g6 2. c4 Bg7 3. e4 e5 4. d4 exd4 5. Nxd4 Nc6 6. Be3 d6 7. Nc3 Nge7 8.
Be2 O-O 9. O-O f5 10. exf5 Bxd4 11. Bxd4 Nxf5 12. Nb5 a6 13. g4 Nfxd4 14. Nxd4
Rf4 15. Nc2 Be6 16. f3 Qf6 17. b3 Rf8 18. Kg2 h5 19. gxh5 Rh4 20. Rf2 Rxh5 21.
Kh1 Kg7 22. Qd2 Qf4 23. Qxf4 Rxf4 24. Rg1 Kf6 25. Ne1 Nd4 26. Bd1 Rfh4 27. Nd3
Rh6 28. c5 dxc5 29. Nxc5 Bd5 30. Rg3 g5 31. Ne4+ Bxe4 32. fxe4+ Rf4 33. Rxf4+
gxf4 34. Rc3 c6 35. Kg2 Ke5 36. Bg4 Kxe4 37. Bc8 f3+ 0-1

[Event "SV Wolfbusch-TSF Ditzingen"]
[Site "?"]
[Date "2002.11.10"]
[Round "2.2"]
[White "Dietrich, Frank"]
[Black "Wittmann, Ralf"]
[Result "1/2-1/2"]
[WhiteElo "2180"]
[BlackElo "2132"]
[PlyCount "65"]
[EventDate "2002.??.??"]

1. e4 e6 2. Nf3 d5 3. e5 c5 4. b4 cxb4 5. a3 Nc6 6. axb4 Bxb4 7. c3 Bf8 8. d4
Nge7 9. Bd3 Nf5 10. O-O Be7 11. Na3 O-O 12. g4 Nh4 13. Nxh4 Bxh4 14. f4 Be7 15.
Qc2 h6 16. Qg2 Bd7 17. g5 hxg5 18. fxg5 g6 19. Nb5 Nxe5 20. dxe5 Bxb5 21. Bxb5
Qb6+ 22. Kh1 Qxb5 23. Bd2 a5 24. Rf4 a4 25. Rh4 Kg7 26. Rf1 Qc6 27. Qf2 d4+ 28.
Kg1 dxc3 29. Be3 b5 30. Rf4 Qe8 31. Qh4 Rh8 32. Qf2 Rf8 33. Qh4 1/2-1/2

[Event "SV Wolfbusch-TSF Ditzingen"]
[Site "?"]
[Date "2002.11.10"]
[Round "2.3"]
[White "Meier, Thomas"]
[Black "Haecker, Johannes"]
[Result "1-0"]
[WhiteElo "2257"]
[BlackElo "2166"]
[PlyCount "63"]
[EventDate "2002.??.??"]

1. d4 c5 2. d5 d6 3. c4 Nf6 4. Nc3 g6 5. e4 Bg7 6. f3 Na6 7. Bg5 h6 8. Be3 O-O
9. Qd2 Kh7 10. Nge2 Nc7 11. Rd1 a6 12. Nc1 Bd7 13. Bd3 b5 14. b3 b4 15. N3e2 a5
16. O-O a4 17. e5 Ng8 18. f4 Na6 19. exd6 exd6 20. f5 gxf5 21. Bxf5+ Bxf5 22.
Rxf5 axb3 23. axb3 Qe7 24. Ng3 Rfe8 25. Rf3 Bf8 26. Rdf1 f6 27. Nf5 Qf7 28. Qd3
Kh8 29. Nh4 Qd7 30. Ng6+ Kg7 31. Rg3 Kf7 32. Nh8+ 1-0

[Event "SV Wolfbusch-TSF Ditzingen"]
[Site "?"]
[Date "2002.11.10"]
[Round "2.4"]
[White "Hering, Frank"]
[Black "Beyer, Christian"]
[Result "0-1"]
[WhiteElo "2120"]
[BlackElo "2165"]
[PlyCount "84"]
[EventDate "2002.??.??"]

1. d4 d5 2. Bg5 h6 3. Bh4 c6 4. Nd2 Qb6 5. e3 Qxb2 6. Bd3 Nd7 7. Ngf3 Ngf6 8.
O-O g6 9. c4 Qa3 10. Qc2 Bg7 11. Rab1 O-O 12. Rb3 Qa5 13. cxd5 cxd5 14. Bg3 Nb6
15. Rb5 Qa4 16. Qb2 Bd7 17. Rb4 Qa5 18. Ne5 Rfc8 19. Nxd7 Nfxd7 20. Bb5 Nb8 21.
a3 N6d7 22. Bxd7 Nxd7 23. Rxb7 Nb6 24. Qb4 Qxb4 25. axb4 Rc2 26. Nf3 Bf8 27. h3
Rb2 28. Ra1 Rxb4 29. Raxa7 Rxa7 30. Rxa7 Nc4 31. Ra8 Kg7 32. Rd8 Rb5 33. Rd7 f6
34. Rd8 Kf7 35. Nh4 Rb1+ 36. Kh2 Nd2 37. Rb8 Nf1+ 38. Kg1 Rc1 39. Nxg6 Nxg3+
40. Kh2 Nf1+ 41. Kg1 Nxe3+ 42. Kh2 Nf1+ 0-1

[Event "SV Wolfbusch-TSF Ditzingen"]
[Site "?"]
[Date "2002.11.10"]
[Round "2.5"]
[White "Stanescu, Christian"]
[Black "Huettig, Michael"]
[Result "1-0"]
[WhiteElo "2063"]
[BlackElo "2061"]
[PlyCount "37"]
[EventDate "2002.??.??"]

1. e4 e5 2. Nf3 Nc6 3. Bc4 Nf6 4. Ng5 Bc5 5. O-O O-O 6. d3 d5 7. exd5 Bg4 8.
Nf3 Nd4 9. Nbd2 Nxd5 10. c3 Nc6 11. h3 Bh5 12. Ne4 Bb6 13. Qe2 h6 14. Bxh6 f5
15. Ng3 Bf7 16. Nxf5 gxh6 17. Nxh6+ Kh7 18. Nxf7 Rxf7 19. Qe4+ 1-0

[Event "SV Wolfbusch-TSF Ditzingen"]
[Site "?"]
[Date "2002.11.10"]
[Round "2.6"]
[White "Erben, Wolfgang"]
[Black "Gritsch, Gabriel"]
[Result "1/2-1/2"]
[WhiteElo "2054"]
[BlackElo "2118"]
[PlyCount "73"]
[EventDate "2002.??.??"]

1. e4 c5 2. b3 Nf6 3. e5 Nd5 4. Bb2 Nc6 5. Nf3 Nc7 6. Nc3 g6 7. Ne4 Ne6 8. Bc4
b6 9. d4 cxd4 10. Nxd4 Nexd4 11. Bxd4 Bg7 12. O-O O-O 13. Bd5 Ba6 14. c4 Rc8
15. Bxc6 dxc6 16. f4 Qc7 17. Qe2 Rcd8 18. Rad1 Bb7 19. Bf2 Rxd1 20. Rxd1 Rd8
21. Bh4 Rd7 22. Rxd7 Qxd7 23. Qd2 Qxd2 24. Nxd2 Bh6 25. g3 Kf8 26. Kf2 c5 27.
Ke3 Bg7 28. g4 h6 29. Ne4 Ke8 30. Nc3 g5 31. Bg3 gxf4+ 32. Bxf4 Kd7 33. Nd5 Ke6
34. Nc7+ Kd7 35. Nd5 Ke6 36. Nc7+ Kd7 37. Nd5 1/2-1/2

[Event "SV Wolfbusch-TSF Ditzingen"]
[Site "?"]
[Date "2002.11.10"]
[Round "2.7"]
[White "Reinhold, Dirk"]
[Black "Hankel, Dennis"]
[Result "1-0"]
[WhiteElo "1960"]
[BlackElo "2094"]
[PlyCount "85"]
[EventDate "2002.??.??"]

1. e4 c5 2. Nf3 d6 3. d4 Nf6 4. Nc3 cxd4 5. Nxd4 a6 6. Bg5 e6 7. Qd2 h6 8. Bxf6
Qxf6 9. O-O-O Qd8 10. Be2 Be7 11. Kb1 Qc7 12. g4 Nd7 13. f4 Nb6 14. Nf3 Bd7 15.
Qd4 Rg8 16. e5 d5 17. g5 hxg5 18. Nxg5 Bc5 19. Qd2 Rc8 20. f5 Qxe5 21. fxe6
fxe6 22. Rhe1 Qd6 23. Nxe6 Bxe6 24. Bg4 Nc4 25. Qxd5 Qxd5 26. Rxd5 Rh8 27.
Rxe6+ Kf8 28. Re4 Nb6 29. Bxc8 Nxd5 30. Nxd5 Rxh2 31. a3 Rd2 32. Nc3 b6 33.
Bxa6 Rg2 34. Re2 Rg3 35. Na4 Bd4 36. c3 Bf6 37. Rf2 Ke7 38. Bc4 Kd6 39. Bb3 b5
40. Nb6 Rg5 41. Rd2+ Kc6 42. Nd5 Be5 43. a4 1-0

[Event "SV Wolfbusch-TSF Ditzingen"]
[Site "?"]
[Date "2002.11.10"]
[Round "2.8"]
[White "Montigel, Philipp"]
[Black "Thieme, Steffen"]
[Result "1/2-1/2"]
[WhiteElo "1961"]
[BlackElo "1978"]
[PlyCount "38"]
[EventDate "2002.??.??"]

1. f4 d5 2. Nf3 c5 3. g3 Nc6 4. Bg2 Nh6 5. O-O e6 6. d3 Be7 7. e4 dxe4 8. dxe4
O-O 9. h3 f6 10. c3 Nf7 11. Be3 Qc7 12. Na3 a6 13. g4 Bd7 14. Kh1 Rad8 15. Qe2
Na7 16. Rad1 Nb5 17. Nc4 Nbd6 18. Ncd2 Nc8 19. Nb3 Bb5 1/2-1/2

[Event "SC HP Boeblingen-SF Pfullingen"]
[Site "?"]
[Date "2002.11.10"]
[Round "2.1"]
[White "Vujic, Branimir"]
[Black "Bauer, Peter"]
[Result "1-0"]
[WhiteElo "2256"]
[BlackElo "2253"]
[PlyCount "95"]
[EventDate "2002.??.??"]

1. d4 Nf6 2. Bf4 e6 3. e3 b6 4. Nf3 Bb7 5. Be2 Ne4 6. Nbd2 Nxd2 7. Qxd2 Be7 8.
O-O-O d6 9. h4 Nd7 10. h5 h6 11. Rh3 Nf6 12. Bb5+ Kf8 13. Qe2 a6 14. Bd3 Ra7
15. e4 Qa8 16. Nd2 b5 17. Rg3 c5 18. e5 dxe5 19. dxe5 Ne8 20. Be4 Qc8 21. Be3
f5 22. Bxb7 Rxb7 23. Rg6 c4 24. Nf3 c3 25. Nd4 cxb2+ 26. Kb1 Nc7 27. Qf3 Kg8
28. Nxe6 Nxe6 29. Qxf5 Bg5 30. Qxe6+ Qxe6 31. Rxe6 Bxe3 32. fxe3 Kf7 33. Rxa6
Re8 34. Rf1+ Kg8 35. e6 Rbe7 36. Rf5 Rxe6 37. Rxe6 Rxe6 38. Rxb5 Rxe3 39. Rb4
Rg3 40. a4 Rxg2 41. a5 Rg5 42. Ra4 Rb5 43. a6 Rb8 44. a7 Ra8 45. Kxb2 g6 46.
Kc3 gxh5 47. Kd4 Kg7 48. Kc5 1-0

[Event "SC HP Boeblingen-SF Pfullingen"]
[Site "?"]
[Date "2002.11.10"]
[Round "2.2"]
[White "Tuncer, Ufuk"]
[Black "Einwiller, Bernd"]
[Result "1-0"]
[WhiteElo "2204"]
[BlackElo "2065"]
[PlyCount "45"]
[EventDate "2002.??.??"]

1. Nf3 d5 2. d4 Nf6 3. c4 e6 4. Nc3 c5 5. cxd5 exd5 6. Bg5 Be7 7. dxc5 Be6 8.
e3 Nc6 9. Rc1 O-O 10. a3 h6 11. Bh4 Qa5 12. Bb5 g5 13. Bg3 Ne4 14. Bxc6 bxc6
15. Nd4 Bd7 16. Nb3 Nxc3 17. Rxc3 Qa6 18. Be5 Rae8 19. Qh5 Kh7 20. h4 gxh4 21.
Bf4 Qc8 22. Qxh6+ Kg8 23. Be5 1-0

[Event "SC HP Boeblingen-SF Pfullingen"]
[Site "?"]
[Date "2002.11.10"]
[Round "2.3"]
[White "Banaszek, Marcin"]
[Black "Boehm, Martin"]
[Result "0-1"]
[WhiteElo "2134"]
[BlackElo "2255"]
[PlyCount "54"]
[EventDate "2002.??.??"]

1. c4 c5 2. Nc3 Nc6 3. g3 g6 4. Bg2 Bg7 5. d3 d6 6. e4 e6 7. Nge2 Nge7 8. O-O
O-O 9. Be3 Nd4 10. Qd2 Rb8 11. Rab1 Nec6 12. a3 f5 13. f4 fxe4 14. dxe4 e5 15.
Nd5 Nxe2+ 16. Qxe2 exf4 17. Bxf4 Ne5 18. h3 Bd7 19. b4 cxb4 20. axb4 Kh8 21.
Be3 b6 22. Rxf8+ Qxf8 23. Rc1 Qc8 24. Kh2 Qa6 25. Bg5 Rc8 26. Bf1 Qa3 27. Be7
Qxc1 0-1

[Event "SC HP Boeblingen-SF Pfullingen"]
[Site "?"]
[Date "2002.11.10"]
[Round "2.4"]
[White "Heinl, Thomas"]
[Black "Prochnow, Mario"]
[Result "1/2-1/2"]
[WhiteElo "2230"]
[BlackElo "2171"]
[PlyCount "54"]
[EventDate "2002.??.??"]

1. e4 c5 2. Nf3 e6 3. d4 cxd4 4. Nxd4 a6 5. Nc3 b5 6. Bd3 d6 7. O-O Nf6 8. Be3
Bb7 9. f3 Nbd7 10. a4 b4 11. Na2 d5 12. c3 dxe4 13. Bxe4 Nxe4 14. fxe4 Bxe4 15.
cxb4 Ne5 16. Qh5 Ng6 17. Nc3 Bb7 18. b5 Bb4 19. bxa6 Bxa6 20. Ncb5 Bb7 21. Nc7+
Qxc7 22. Qb5+ Qd7 23. Qxb4 Ne7 24. Nb5 O-O 25. Qd6 Qxd6 26. Nxd6 Bc6 27. a5
Rfb8 1/2-1/2